000 00249nam a2200109Ia 4500
008 200302s9999 xx 000 0 und d
100 _aAlastair Service
245 _aLondon 1900
260 _bGranada Publishing Ltd.
260 _c1979
300 _a274 P.,
999 _c60
_d60